| 000 | 00615nam a22001817a 4500 | ||
|---|---|---|---|
| 999 |
_c185850 _d185850 |
||
| 005 | 20220210142030.0 | ||
| 010 | _aENG-131502 | ||
| 020 |
_a9789390679409 _c699.00 |
||
| 035 | _aEN-115034 | ||
| 037 | _bDBAD | ||
| 082 | _a880 | ||
| 100 | _aBedi, Kabir | ||
| 245 |
_aStories I Must Tell: _bThe Emotional Life of an Actor/ _cKabir Bedi |
||
| 260 |
_aChennai _bWestland Publication Private Limited _c2021 |
||
| 270 |
_a1st Floor, A Block, East Wing, Plot No. 40 SP infocity, Dr. MGR Salai, Pergudi, Kandanchavadi _bChennai _e600096 |
||
| 300 |
_aix, 297p. _c22cm(hbk) |
||
| 942 |
_2ddc _cEN _h880 _mBED |
||